[Event "Rapid 2018"]
[Site "Saint-Petersburg"]
[Date "2018.12.28"]
[Round "12"]
[Board "73"]
[White "Vlassov Nikolai (RUS)"]
[Black "Jones Gawain C B (ENG)"]
[Result "0-1"]
[LiveChessVersion "1.4.8"]
[BlackElo "2655"]
[WhiteElo "2492"]

1. e4 {[%clk 0:15:19]} c5 {[%clk 0:15:19]} 2. c3 {[%clk 0:15:28]} d5
{[%clk 0:15:27]} 3. exd5 {[%clk 0:15:36]} Qxd5 {[%clk 0:15:36]} 4. d4
{[%clk 0:15:45]} Nc6 {[%clk 0:15:44]} 5. Nf3 {[%clk 0:15:54]} Bf5
{[%clk 0:15:53]} 6. Na3 {[%clk 0:13:30]} cxd4 {[%clk 0:16:00]} 7. Bc4
{[%clk 0:11:31]} Qe4+ {[%clk 0:16:08]} 8. Be3 {[%clk 0:11:10]} e6
{[%clk 0:16:06]} 9. Nxd4 {[%clk 0:10:08]} Bxa3 {[%clk 0:14:57]} 10. bxa3
{[%clk 0:09:38]} Qxg2 {[%clk 0:15:04]} 11. Rf1 {[%clk 0:09:45]} Nge7
{[%clk 0:14:57]} 12. Qb3 {[%clk 0:08:45]} O-O {[%clk 0:14:17]} 13. Qxb7
{[%clk 0:07:15]} Rab8 {[%clk 0:14:05]} 14. Qa6 {[%clk 0:07:23]} Nxd4
{[%clk 0:12:31]} 15. Bxd4 {[%clk 0:06:06]} Rb2 {[%clk 0:11:57]} 16. Rd1
{[%clk 0:04:59]} Nd5 {[%clk 0:11:13]} 17. Rd2 {[%clk 0:04:22]} Qe4+
{[%clk 0:10:28]} 18. Be2 {[%clk 0:04:30]} Rb1+ {[%clk 0:10:30]} 19. Rd1
{[%clk 0:04:37]} Rxd1+ {[%clk 0:10:32]} 20. Kxd1 {[%clk 0:04:46]} Nxc3+
{[%clk 0:10:34]} 21. Bxc3 {[%clk 0:04:50]} Qc2+ {[%clk 0:10:43]} 0-1

[Event "Rapid 2018"]
[Site "Saint-Petersburg"]
[Date "2018.12.28"]
[Round "12"]
[Board "74"]
[White "Kobo Ori (ISR)"]
[Black "Iljiushenok Ilia (RUS)"]
[Result "1/2-1/2"]
[LiveChessVersion "1.4.8"]
[BlackElo "2607"]
[WhiteElo "2442"]

1. Nf3 {[%clk 0:15:16]} Nf6 {[%clk 0:15:16]} 2. c4 {[%clk 0:15:19]} g6
{[%clk 0:15:22]} 3. g3 {[%clk 0:15:22]} Bg7 {[%clk 0:15:31]} 4. Bg2
{[%clk 0:15:31]} O-O {[%clk 0:15:38]} 5. Nc3 {[%clk 0:15:39]} d6 {[%clk 0:15:43]}
6. d4 {[%clk 0:15:47]} c5 {[%clk 0:15:04]} 7. d5 {[%clk 0:15:43]} e6
{[%clk 0:14:02]} 8. O-O {[%clk 0:15:48]} exd5 {[%clk 0:14:10]} 9. cxd5
{[%clk 0:15:57]} Re8 {[%clk 0:13:58]} 10. Re1 {[%clk 0:15:55]} Ne4
{[%clk 0:13:14]} 11. Nxe4 {[%clk 0:16:01]} Rxe4 {[%clk 0:13:23]} 12. Qc2
{[%clk 0:15:48]} Re8 {[%clk 0:12:56]} 13. Bg5 {[%clk 0:15:32]} Qb6
{[%clk 0:12:31]} 14. Rab1 {[%clk 0:12:36]} Qa6 {[%clk 0:10:46]} 15. Nd2
{[%clk 0:10:20]} Nd7 {[%clk 0:09:53]} 16. e4 {[%clk 0:07:49]} Ne5
{[%clk 0:09:18]} 17. Bf1 {[%clk 0:07:48]} Qa5 {[%clk 0:09:27]} 18. Kg2
{[%clk 0:07:30]} b5 {[%clk 0:08:33]} 19. h3 {[%clk 0:06:14]} Bb7 {[%clk 0:08:03]}
20. b4 {[%clk 0:04:16]} cxb4 {[%clk 0:07:53]} 21. Nb3 {[%clk 0:03:34]} Qb6
{[%clk 0:07:24]} 22. Be3 {[%clk 0:03:37]} Qd8 {[%clk 0:07:23]} 23. Bxb5
{[%clk 0:03:35]} Rc8 {[%clk 0:07:07]} 24. Qe2 {[%clk 0:02:53]} Nd7
{[%clk 0:06:12]} 25. Na5 {[%clk 0:02:21]} Qxa5 {[%clk 0:01:55]} 26. Bxd7
{[%clk 0:02:30]} Rcd8 {[%clk 0:02:04]} 27. Bxe8 {[%clk 0:02:22]} Rxe8
{[%clk 0:02:13]} 28. f3 {[%clk 0:00:54]} f5 {[%clk 0:02:23]} 29. exf5
{[%clk 0:00:41]} gxf5 {[%clk 0:02:14]} 30. Qf2 {[%clk 0:00:32]} Qxd5
{[%clk 0:01:38]} 31. Red1 {[%clk 0:00:23]} Qb5 {[%clk 0:01:18]} 32. a4
{[%clk 0:00:15]} Qxa4 {[%clk 0:00:43]} 33. Bd4 {[%clk 0:00:16]} Qb5
{[%clk 0:00:18]} 34. Rb2 {[%clk 0:00:25]} Qd5 {[%clk 0:00:25]} 35. Rbd2
{[%clk 0:00:28]} Bxd4 {[%clk 0:00:30]} 36. Rxd4 {[%clk 0:00:34]} Qxf3+
{[%clk 0:00:25]} 37. Qxf3 {[%clk 0:00:43]} Re2+ {[%clk 0:00:34]} 38. Kf1
{[%clk 0:00:46]} Bxf3 {[%clk 0:00:42]} 39. Rxd6 {[%clk 0:00:19]} Ra2
{[%clk 0:00:32]} 40. Rc1 {[%clk 0:00:16]} Kf7 {[%clk 0:00:12]} 41. Rc7+
{[%clk 0:00:25]} Ke8 {[%clk 0:00:21]} 42. Rxh7 {[%clk 0:00:16]} b3
{[%clk 0:00:30]} 43. Re6+ {[%clk 0:00:14]} Kf8 {[%clk 0:00:35]} 44. Rf6+
{[%clk 0:00:19]} Kg8 {[%clk 0:00:41]} 45. Rff7 {[%clk 0:00:21]} b2
{[%clk 0:00:26]} 46. Rhg7+ {[%clk 0:00:30]} Kh8 {[%clk 0:00:35]} 47. Rh7+
{[%clk 0:00:37]} Kg8 {[%clk 0:00:45]} 48. Rhg7+ Kh8 1/2-1/2

[Event "Rapid 2018"]
[Site "Saint-Petersburg"]
[Date "2018.12.28"]
[Round "12"]
[Board "75"]
[White "Gareyev Timur (USA)"]
[Black "Drygalov Andrey (RUS)"]
[Result "1/2-1/2"]
[LiveChessVersion "1.4.8"]
[BlackElo "2491"]
[WhiteElo "2575"]

1. d4 {[%clk 0:10:19]} Nf6 {[%clk 0:15:17]} 2. c4 {[%clk 0:10:27]} g6
{[%clk 0:15:26]} 3. Nc3 {[%clk 0:10:34]} d5 {[%clk 0:15:35]} 4. Bf4
{[%clk 0:10:42]} Bg7 {[%clk 0:15:39]} 5. Rc1 {[%clk 0:10:51]} O-O
{[%clk 0:15:17]} 6. e3 {[%clk 0:10:48]} Be6 {[%clk 0:15:21]} 7. c5
{[%clk 0:10:34]} c6 {[%clk 0:15:30]} 8. h3 {[%clk 0:10:29]} Bc8 {[%clk 0:15:01]}
9. Nf3 {[%clk 0:10:25]} Nfd7 {[%clk 0:14:41]} 10. Be2 {[%clk 0:10:07]} Qe8
{[%clk 0:14:23]} 11. O-O {[%clk 0:10:00]} f5 {[%clk 0:11:32]} 12. b4
{[%clk 0:09:57]} Kh8 {[%clk 0:09:30]} 13. Bc7 {[%clk 0:10:01]} e5
{[%clk 0:08:16]} 14. Bd6 {[%clk 0:09:46]} Rg8 {[%clk 0:08:24]} 15. b5
{[%clk 0:08:21]} e4 {[%clk 0:07:55]} 16. Nd2 {[%clk 0:08:16]} g5 {[%clk 0:07:25]}
17. Bh5 {[%clk 0:07:58]} Qe6 {[%clk 0:07:29]} 18. f4 {[%clk 0:08:03]} Bf8
{[%clk 0:06:42]} 19. Bc7 {[%clk 0:07:15]} gxf4 {[%clk 0:05:51]} 20. Bxf4
{[%clk 0:06:57]} Bh6 {[%clk 0:05:19]} 21. Ne2 {[%clk 0:05:53]} Bxf4
{[%clk 0:04:00]} 22. Nxf4 {[%clk 0:06:01]} Qe7 {[%clk 0:04:06]} 23. Qe1
{[%clk 0:05:49]} Nf8 {[%clk 0:03:07]} 24. Nb3 {[%clk 0:05:16]} Ne6
{[%clk 0:02:55]} 25. Be2 {[%clk 0:03:55]} Nxf4 {[%clk 0:02:18]} 26. Rxf4
{[%clk 0:04:03]} Qg5 {[%clk 0:01:51]} 27. Qf2 {[%clk 0:03:54]} cxb5
{[%clk 0:01:59]} 28. Bxb5 {[%clk 0:03:56]} Nc6 {[%clk 0:02:09]} 29. Rb1
{[%clk 0:02:30]} Ne7 {[%clk 0:02:16]} 30. Nc1 {[%clk 0:02:20]} Ng6
{[%clk 0:01:46]} 31. Ne2 {[%clk 0:02:28]} Be6 {[%clk 0:01:30]} 32. Ba4
{[%clk 0:02:37]} Rab8 {[%clk 0:01:14]} 33. Kh2 {[%clk 0:02:24]} b6
{[%clk 0:00:47]} 34. c6 {[%clk 0:02:29]} Rbc8 {[%clk 0:00:55]} 35. Rf1
{[%clk 0:02:34]} Nxf4 {[%clk 0:00:56]} 36. Nxf4 {[%clk 0:02:42]} Bf7
{[%clk 0:01:02]} 37. Rc1 {[%clk 0:02:35]} Qf6 {[%clk 0:01:07]} 38. Qe2
{[%clk 0:02:31]} Rc7 {[%clk 0:00:22]} 39. Kh1 {[%clk 0:02:09]} h6
{[%clk 0:00:15]} 40. Qb5 {[%clk 0:02:12]} Qg5 {[%clk 0:00:16]} 41. Qb4
{[%clk 0:02:05]} Qf6 {[%clk 0:00:13]} 42. Rc2 {[%clk 0:01:54]} Rd8
{[%clk 0:00:21]} 43. Bb5 {[%clk 0:01:39]} Qd6 {[%clk 0:00:24]} 44. Qe1
{[%clk 0:01:23]} a6 {[%clk 0:00:20]} 45. Bxa6 {[%clk 0:01:11]} Rxc6
{[%clk 0:00:29]} 46. Rxc6 Qxc6 {[%clk 0:00:38]} 47. Qh4 {[%clk 0:01:28]} Qd6
{[%clk 0:00:46]} 48. Be2 {[%clk 0:01:17]} Kg7 {[%clk 0:00:22]} 49. Bh5
{[%clk 0:01:13]} Qf6 {[%clk 0:00:30]} 50. Qe1 {[%clk 0:01:00]} Rd7
{[%clk 0:00:21]} 51. Qb4 {[%clk 0:00:50]} Qd6 {[%clk 0:00:24]} 52. Qb5
{[%clk 0:00:57]} Bxh5 53. Nxh5+ Kf7 {[%clk 0:00:26]} 54. Nf4 {[%clk 0:01:00]} Rc7
{[%clk 0:00:26]} 55. Qe2 {[%clk 0:00:32]} Kg8 {[%clk 0:00:20]} 56. Qh5
{[%clk 0:00:38]} Rf7 {[%clk 0:00:27]} 57. Qh4 {[%clk 0:00:22]} Qf6
{[%clk 0:00:26]} 58. Qg3+ {[%clk 0:00:14]} Rg7 {[%clk 0:00:31]} 59. Qf2
{[%clk 0:00:16]} Qd6 {[%clk 0:00:32]} 60. Qf1 {[%clk 0:00:13]} Rd7
{[%clk 0:00:34]} 61. Qb5 {[%clk 0:00:15]} Kf7 62. Qe2 Kg8 {[%clk 0:00:44]} 63.
Qb5 {[%clk 0:00:33]} Kf7 {[%clk 0:00:44]} 64. Qe2 {[%clk 0:00:41]} Kg8
{[%clk 0:00:48]} 1/2-1/2

[Event "Rapid 2018"]
[Site "Saint-Petersburg"]
[Date "2018.12.28"]
[Round "12"]
[Board "76"]
[White "Hakobyan Aram (ARM)"]
[Black "Dzhumagaliev Yan (RUS)"]
[Result "1/2-1/2"]
[LiveChessVersion "1.4.8"]
[BlackElo "2485"]
[WhiteElo "2545"]

1. Nf3 {[%clk 0:15:17]} e6 {[%clk 0:15:12]} 2. c4 {[%clk 0:15:15]} d5
{[%clk 0:15:18]} 3. g3 {[%clk 0:15:16]} Nf6 {[%clk 0:15:10]} 4. Bg2
{[%clk 0:15:24]} Be7 {[%clk 0:14:40]} 5. O-O {[%clk 0:14:47]} O-O
{[%clk 0:14:47]} 6. b3 {[%clk 0:14:55]} c5 {[%clk 0:13:34]} 7. Bb2
{[%clk 0:15:03]} Nc6 {[%clk 0:12:50]} 8. cxd5 {[%clk 0:15:11]} Nxd5
{[%clk 0:12:44]} 9. d4 {[%clk 0:15:18]} cxd4 {[%clk 0:11:04]} 10. Nxd4
{[%clk 0:15:26]} Nxd4 {[%clk 0:11:13]} 11. Qxd4 {[%clk 0:12:51]} Bf6
{[%clk 0:11:10]} 12. Qd2 {[%clk 0:13:00]} Bd7 {[%clk 0:09:03]} 13. Na3
{[%clk 0:11:38]} Bc6 {[%clk 0:08:12]} 14. Rfd1 {[%clk 0:10:53]} Bxb2
{[%clk 0:06:42]} 15. Qxb2 {[%clk 0:10:59]} Qf6 {[%clk 0:06:51]} 16. Qxf6
{[%clk 0:09:26]} gxf6 {[%clk 0:07:00]} 17. Bxd5 {[%clk 0:08:12]} Bxd5
{[%clk 0:07:07]} 18. f3 {[%clk 0:08:21]} f5 {[%clk 0:07:16]} 19. Nb5
{[%clk 0:08:01]} Rac8 {[%clk 0:06:48]} 20. Nxa7 {[%clk 0:06:29]} Rc5
{[%clk 0:06:53]} 21. Rdc1 {[%clk 0:05:04]} Ra5 {[%clk 0:05:10]} 22. Nc8
{[%clk 0:05:10]} Kg7 {[%clk 0:05:17]} 23. Nb6 {[%clk 0:03:58]} Bc6
{[%clk 0:03:49]} 24. a4 {[%clk 0:03:45]} Ra6 {[%clk 0:03:58]} 25. a5
{[%clk 0:03:38]} Rd8 {[%clk 0:04:07]} 26. Ra2 {[%clk 0:02:25]} Rd4
{[%clk 0:04:10]} 27. Rc4 {[%clk 0:02:16]} Rd1+ {[%clk 0:04:19]} 28. Kf2
{[%clk 0:02:23]} Rb1 {[%clk 0:04:17]} 29. b4 {[%clk 0:02:23]} Bb5
{[%clk 0:03:24]} 30. Rd4 {[%clk 0:02:25]} e5 {[%clk 0:01:30]} 31. Rh4
{[%clk 0:02:15]} Bc6 {[%clk 0:00:40]} 32. Rd2 {[%clk 0:01:34]} e4
{[%clk 0:00:46]} 33. fxe4 {[%clk 0:01:40]} Rxb4 {[%clk 0:00:54]} 34. Nc8
{[%clk 0:00:18]} Rxa5 {[%clk 0:00:41]} 35. Nd6 {[%clk 0:00:17]} fxe4
{[%clk 0:00:48]} 36. Rf4 {[%clk 0:00:19]} f6 {[%clk 0:00:20]} 37. Nf5+
{[%clk 0:00:24]} Kf7 {[%clk 0:00:29]} 38. Rd6 {[%clk 0:00:22]} e3+
{[%clk 0:00:23]} 39. Nxe3 {[%clk 0:00:22]} Rxf4+ {[%clk 0:00:28]} 40. gxf4
{[%clk 0:00:31]} Ra4 {[%clk 0:00:21]} 41. f5 {[%clk 0:00:40]} Rf4+
{[%clk 0:00:27]} 42. Kg3 {[%clk 0:00:44]} Re4 {[%clk 0:00:36]} 43. Ng4
{[%clk 0:00:48]} Ke7 {[%clk 0:00:40]} 44. Rd2 {[%clk 0:00:28]} h5
{[%clk 0:00:47]} 45. Nf2 {[%clk 0:00:35]} h4+ {[%clk 0:00:21]} 46. Kh3
{[%clk 0:00:22]} Rf4 {[%clk 0:00:30]} 47. Nd3 {[%clk 0:00:17]} Rd4
{[%clk 0:00:30]} 48. Rb2 {[%clk 0:00:19]} Be4 {[%clk 0:00:31]} 49. Rb5
{[%clk 0:00:18]} Kd6 {[%clk 0:00:15]} 50. Rb6+ {[%clk 0:00:20]} Bc6
{[%clk 0:00:23]} 51. Rb1 {[%clk 0:00:15]} Be4 {[%clk 0:00:24]} 52. Rb6+
{[%clk 0:00:23]} Bc6 {[%clk 0:00:33]} 53. Rb1 {[%clk 0:00:32]} Be4
{[%clk 0:00:19]} 54. Rb6+ {[%clk 0:00:22]} Ke7 {[%clk 0:00:17]} 55. Nc5
{[%clk 0:00:21]} Bxf5+ {[%clk 0:00:24]} 56. Kg2 {[%clk 0:00:31]} h3+
{[%clk 0:00:19]} 57. Kf3 {[%clk 0:00:40]} Rg4 {[%clk 0:00:19]} 58. Rxb7+
{[%clk 0:00:38]} Kd6 {[%clk 0:00:28]} 59. Nd3 {[%clk 0:00:18]} Rg2
{[%clk 0:00:24]} 60. Rb6+ {[%clk 0:00:27]} Ke7 {[%clk 0:00:28]} 61. Nf4
{[%clk 0:00:17]} Bg4+ {[%clk 0:00:19]} 62. Ke3 {[%clk 0:00:25]} f5
{[%clk 0:00:20]} 63. Nxg2 {[%clk 0:00:28]} hxg2 {[%clk 0:00:18]} 64. Rb1
{[%clk 0:00:37]} 1/2-1/2

[Event "Rapid 2018"]
[Site "Saint-Petersburg"]
[Date "2018.12.28"]
[Round "12"]
[Board "77"]
[White "Bilguun Sumiya (MGL)"]
[Black "Rechlis Gad (ISR)"]
[Result "1/2-1/2"]
[LiveChessVersion "1.4.8"]
[BlackElo "2543"]
[WhiteElo "2415"]

1. e4 {[%clk 0:15:18]} c5 {[%clk 0:15:18]} 2. Nf3 {[%clk 0:15:26]} d6
{[%clk 0:15:26]} 3. c3 {[%clk 0:15:34]} Nf6 {[%clk 0:15:30]} 4. Be2
{[%clk 0:15:42]} Bg4 {[%clk 0:15:26]} 5. h3 {[%clk 0:15:33]} Bh5 {[%clk 0:15:26]}
6. d3 {[%clk 0:15:36]} e6 {[%clk 0:15:30]} 7. Nbd2 {[%clk 0:15:44]} Nc6
{[%clk 0:15:24]} 8. Nf1 {[%clk 0:15:52]} d5 {[%clk 0:15:21]} 9. exd5
{[%clk 0:15:52]} Nxd5 {[%clk 0:15:16]} 10. Ng3 {[%clk 0:15:57]} Bg6
{[%clk 0:15:25]} 11. O-O {[%clk 0:15:11]} Be7 {[%clk 0:15:33]} 12. a3
{[%clk 0:15:18]} O-O {[%clk 0:15:33]} 13. Bd2 {[%clk 0:13:36]} a5
{[%clk 0:14:56]} 14. a4 {[%clk 0:12:17]} Qb6 {[%clk 0:14:49]} 15. Qc1
{[%clk 0:11:59]} Rad8 {[%clk 0:14:43]} 16. Rd1 {[%clk 0:11:45]} Rd7
{[%clk 0:14:35]} 17. Bg5 {[%clk 0:08:48]} Rfd8 {[%clk 0:14:37]} 18. Bxe7
{[%clk 0:08:34]} Ndxe7 {[%clk 0:14:44]} 19. Ne4 {[%clk 0:08:22]} c4
{[%clk 0:14:34]} 20. Ned2 {[%clk 0:07:14]} cxd3 {[%clk 0:13:59]} 21. Bf1
{[%clk 0:07:23]} Nd5 {[%clk 0:13:06]} 22. Nc4 {[%clk 0:07:20]} Qc7
{[%clk 0:12:38]} 23. Nh4 {[%clk 0:06:23]} Nce7 {[%clk 0:08:12]} 24. b3
{[%clk 0:05:48]} Nb6 {[%clk 0:07:36]} 25. Nxg6 {[%clk 0:05:31]} hxg6
{[%clk 0:07:36]} 26. Nxa5 {[%clk 0:05:32]} e5 {[%clk 0:07:11]} 27. b4
{[%clk 0:04:23]} e4 {[%clk 0:05:02]} 28. Nb3 {[%clk 0:04:31]} Nf5
{[%clk 0:05:03]} 29. Nc5 {[%clk 0:04:21]} d2 {[%clk 0:04:15]} 30. Qb2
{[%clk 0:03:59]} e3 {[%clk 0:04:02]} 31. fxe3 {[%clk 0:03:58]} Nxe3
{[%clk 0:02:41]} 32. Nxd7 {[%clk 0:04:01]} Qxd7 {[%clk 0:02:34]} 33. c4
{[%clk 0:02:06]} Nxa4 {[%clk 0:02:18]} 34. Qxd2 {[%clk 0:01:02]} Qxd2
{[%clk 0:02:15]} 35. Rxd2 {[%clk 0:01:11]} Rxd2 {[%clk 0:02:23]} 36. Rxa4
{[%clk 0:01:16]} Rd1 {[%clk 0:02:31]} 37. Kf2 {[%clk 0:01:25]} Nxf1
{[%clk 0:02:40]} 38. Ra7 {[%clk 0:01:32]} Rb1 {[%clk 0:02:36]} 39. c5
{[%clk 0:00:41]} Nd2 {[%clk 0:02:44]} 40. Ke3 {[%clk 0:00:45]} Nc4+
{[%clk 0:01:05]} 41. Kd4 {[%clk 0:00:47]} b5 {[%clk 0:01:07]} 42. c6
{[%clk 0:00:46]} Rc1 {[%clk 0:00:37]} 43. Ra8+ {[%clk 0:00:24]} Kh7
{[%clk 0:00:45]} 44. c7 {[%clk 0:00:30]} Nb6 {[%clk 0:00:39]} 45. Rb8
{[%clk 0:00:31]} Rxc7 {[%clk 0:00:44]} 46. Rxb6 {[%clk 0:00:39]} Rc4+
{[%clk 0:00:53]} 47. Kd3 {[%clk 0:00:16]} Rxb4 {[%clk 0:01:02]} 48. Ke3
{[%clk 0:00:17]} f5 {[%clk 0:01:03]} 49. Kf3 {[%clk 0:00:16]} Kh6
{[%clk 0:00:57]} 50. g3 {[%clk 0:00:20]} Rb3+ {[%clk 0:01:01]} 51. Kf4
{[%clk 0:00:22]} b4 {[%clk 0:00:53]} 52. Rb8 {[%clk 0:00:26]} Kh7
{[%clk 0:00:56]} 53. g4 {[%clk 0:00:24]} Rxh3 {[%clk 0:00:52]} 54. gxf5
{[%clk 0:00:30]} gxf5 {[%clk 0:00:54]} 55. Kxf5 {[%clk 0:00:37]} b3
{[%clk 0:00:58]} 56. Kg4 {[%clk 0:00:43]} Rc3 {[%clk 0:01:06]} 57. Kg5
{[%clk 0:00:52]} Rd3 {[%clk 0:01:04]} 58. Kh5 {[%clk 0:00:55]} Rc3
{[%clk 0:00:45]} 59. Kg5 {[%clk 0:01:04]} Rf3 {[%clk 0:00:54]} 60. Kg4
{[%clk 0:01:11]} Re3 {[%clk 0:00:58]} 61. Kg5 {[%clk 0:01:19]} Rh3
{[%clk 0:01:01]} 62. Kg4 {[%clk 0:01:27]} Rc3 {[%clk 0:01:05]} 63. Kg5
{[%clk 0:01:36]} Re3 {[%clk 0:01:14]} 64. Kf4 {[%clk 0:01:39]} Rc3
{[%clk 0:01:10]} 65. Kg5 Rd3 66. Kh5 {[%clk 0:01:56]} g6+ {[%clk 0:01:28]} 67.
Kg5 {[%clk 0:02:05]} Rg3+ {[%clk 0:00:55]} 68. Kf4 {[%clk 0:02:12]} Rh3
{[%clk 0:00:47]} 69. Kg4 {[%clk 0:02:21]} Rc3 {[%clk 0:00:55]} 70. Kg5
{[%clk 0:02:30]} Rg3+ {[%clk 0:01:03]} 71. Kf4 {[%clk 0:02:39]} Rg1
{[%clk 0:01:06]} 72. Rxb3 {[%clk 0:02:45]} Kh6 {[%clk 0:00:43]} 73. Rh3+
{[%clk 0:02:51]} Kg7 {[%clk 0:00:52]} 74. Rg3 {[%clk 0:02:57]} Rf1+
{[%clk 0:00:51]} 75. Kg4 {[%clk 0:03:05]} Kf6 {[%clk 0:00:59]} 76. Ra3
{[%clk 0:03:14]} Rg1+ {[%clk 0:01:04]} 77. Kf3 {[%clk 0:03:21]} Kg5
{[%clk 0:01:03]} 78. Ra8 {[%clk 0:03:10]} Rg4 {[%clk 0:00:39]} 79. Rb8
{[%clk 0:03:18]} Ra4 {[%clk 0:00:43]} 80. Kg3 {[%clk 0:03:25]} Ra3+
{[%clk 0:00:46]} 81. Kg2 {[%clk 0:03:33]} Kh4 {[%clk 0:00:53]} 82. Rb4+
{[%clk 0:03:41]} Kh5 {[%clk 0:01:03]} 83. Rc4 {[%clk 0:03:50]} g5
{[%clk 0:01:11]} 84. Rb4 {[%clk 0:03:58]} Ra5 {[%clk 0:01:06]} 85. Kg3
{[%clk 0:04:04]} Rc5 {[%clk 0:01:14]} 86. Ra4 {[%clk 0:04:12]} g4
{[%clk 0:01:16]} 87. Ra8 {[%clk 0:04:19]} Rc3+ {[%clk 0:01:20]} 88. Kg2
{[%clk 0:04:28]} Rc4 {[%clk 0:01:12]} 89. Kg3 {[%clk 0:04:32]} Rc3+
{[%clk 0:01:14]} 90. Kg2 {[%clk 0:04:41]} 1/2-1/2

[Event "Rapid 2018"]
[Site "Saint-Petersburg"]
[Date "2018.12.28"]
[Round "12"]
[Board "78"]
[White "Teterev Vitaly (BLR)"]
[Black "Golubov Saveliy (RUS)"]
[Result "1-0"]
[LiveChessVersion "1.4.8"]
[BlackElo "2542"]
[WhiteElo "2472"]

1. Nf3 {[%clk 0:15:18]} b5 {[%clk 0:15:19]} 2. g3 {[%clk 0:15:14]} Bb7
{[%clk 0:15:28]} 3. Bg2 {[%clk 0:15:23]} Nf6 {[%clk 0:15:30]} 4. O-O
{[%clk 0:15:29]} e6 {[%clk 0:15:38]} 5. d4 {[%clk 0:15:38]} Be7 {[%clk 0:15:38]}
6. Qd3 {[%clk 0:15:45]} a6 {[%clk 0:15:32]} 7. a4 {[%clk 0:15:53]} Nc6
{[%clk 0:15:33]} 8. c3 {[%clk 0:15:28]} O-O {[%clk 0:15:32]} 9. e4
{[%clk 0:15:04]} d6 {[%clk 0:15:28]} 10. Re1 {[%clk 0:15:04]} e5 {[%clk 0:15:01]}
11. axb5 {[%clk 0:14:25]} axb5 {[%clk 0:15:09]} 12. Rxa8 {[%clk 0:14:32]} Qxa8
{[%clk 0:15:14]} 13. dxe5 {[%clk 0:14:38]} dxe5 {[%clk 0:14:54]} 14. Qxb5
{[%clk 0:14:44]} Ba6 {[%clk 0:14:29]} 15. Qa4 {[%clk 0:14:19]} Bc5
{[%clk 0:13:45]} 16. h3 {[%clk 0:13:25]} Bd3 {[%clk 0:13:21]} 17. Qxa8
{[%clk 0:13:24]} Rxa8 {[%clk 0:13:29]} 18. Nbd2 {[%clk 0:13:27]} Bc2
{[%clk 0:11:33]} 19. b4 {[%clk 0:11:11]} Bd6 {[%clk 0:11:00]} 20. Nc4
{[%clk 0:09:05]} Bxe4 {[%clk 0:10:50]} 21. Bg5 {[%clk 0:08:53]} Bd5
{[%clk 0:10:17]} 22. Nfxe5 {[%clk 0:05:58]} Bxg2 {[%clk 0:09:43]} 23. Kxg2
{[%clk 0:06:07]} Nxe5 {[%clk 0:09:51]} 24. Nxe5 {[%clk 0:06:16]} Nd5
{[%clk 0:09:59]} 25. Bd2 {[%clk 0:06:18]} Nb6 {[%clk 0:09:48]} 26. Nd3
{[%clk 0:05:50]} f6 {[%clk 0:09:52]} 27. Be3 {[%clk 0:05:14]} Nc4
{[%clk 0:09:34]} 28. Bd4 {[%clk 0:05:23]} Kf7 {[%clk 0:09:34]} 29. Nc5
{[%clk 0:05:14]} Ra3 {[%clk 0:09:30]} 30. Ne4 {[%clk 0:05:02]} Be7
{[%clk 0:09:39]} 31. g4 {[%clk 0:05:01]} g6 {[%clk 0:09:15]} 32. Re2
{[%clk 0:04:50]} Ra1 {[%clk 0:08:39]} 33. Ng3 {[%clk 0:04:23]} Ra3
{[%clk 0:08:19]} 34. Nf1 {[%clk 0:04:25]} Nd6 {[%clk 0:08:27]} 35. Ne3
{[%clk 0:03:44]} Nb5 {[%clk 0:08:36]} 36. Nd5 {[%clk 0:03:52]} Bd8
{[%clk 0:08:45]} 37. Re3 {[%clk 0:02:52]} c6 {[%clk 0:08:44]} 38. Nf4
{[%clk 0:02:54]} Rb3 {[%clk 0:06:48]} 39. Ne2 {[%clk 0:02:28]} f5
{[%clk 0:06:53]} 40. gxf5 {[%clk 0:02:20]} gxf5 {[%clk 0:07:01]} 41. c4
{[%clk 0:02:20]} Rxe3 {[%clk 0:06:52]} 42. Bxe3 {[%clk 0:02:21]} Na3
{[%clk 0:07:01]} 43. Nd4 {[%clk 0:01:52]} Nxc4 {[%clk 0:07:09]} 44. Nxc6
{[%clk 0:01:53]} Bc7 {[%clk 0:07:19]} 45. b5 {[%clk 0:01:51]} Ke6
{[%clk 0:06:37]} 46. Kf3 {[%clk 0:01:55]} Kd5 {[%clk 0:06:40]} 47. Nb4+
{[%clk 0:01:45]} Ke6 {[%clk 0:06:44]} 48. Na6 {[%clk 0:01:20]} Bd8
{[%clk 0:06:10]} 49. Bd4 {[%clk 0:01:09]} Kd5 {[%clk 0:06:13]} 50. Be3
{[%clk 0:01:07]} Ke6 {[%clk 0:05:52]} 51. Nc5+ {[%clk 0:01:05]} Kd5
{[%clk 0:06:00]} 52. Nd3 {[%clk 0:01:14]} Bc7 {[%clk 0:06:02]} 53. Nf4+
{[%clk 0:01:16]} Ke5 {[%clk 0:06:06]} 54. Nd3+ {[%clk 0:00:56]} Kd5
{[%clk 0:06:13]} 55. Nb4+ {[%clk 0:00:57]} Ke6 {[%clk 0:06:22]} 56. Na6
{[%clk 0:00:53]} Bd8 {[%clk 0:06:29]} 57. Ke2 {[%clk 0:00:57]} h5
{[%clk 0:05:29]} 58. Ba7 {[%clk 0:00:52]} Ba5 {[%clk 0:05:28]} 59. Nc5+
{[%clk 0:00:46]} Kd5 {[%clk 0:05:12]} 60. Nd3 {[%clk 0:00:55]} Bc7
{[%clk 0:04:22]} 61. Be3 {[%clk 0:00:49]} Bb8 {[%clk 0:02:21]} 62. Kf3
{[%clk 0:00:52]} h4 {[%clk 0:02:14]} 63. Nf4+ {[%clk 0:00:57]} Ke5
{[%clk 0:02:08]} 64. Ng6+ {[%clk 0:01:00]} Kf6 {[%clk 0:02:17]} 65. Nxh4
{[%clk 0:01:05]} Ne5+ {[%clk 0:02:26]} 66. Ke2 {[%clk 0:01:08]} Nc4
{[%clk 0:02:34]} 67. Nf3 {[%clk 0:01:05]} f4 {[%clk 0:02:41]} 68. Bc5
{[%clk 0:01:03]} Kf5 {[%clk 0:02:51]} 69. Kd3 {[%clk 0:01:07]} Nb2+
{[%clk 0:02:51]} 70. Kd4 {[%clk 0:01:01]} Nd1 {[%clk 0:02:56]} 71. Kd5 1-0